<?xml version="1.0" encoding="UTF-8"?>
<collection xmlns="http://www.loc.gov/MARC21/slim">
 <record>
  <leader>01412nam a2200229 a 4500</leader>
  <controlfield tag="001">1/47848</controlfield>
  <controlfield tag="008">180730s2012    gr       b    00110 gre  </controlfield>
  <datafield tag="020" ind1=" " ind2=" ">
   <subfield code="a">9789607860972</subfield>
  </datafield>
  <datafield tag="035" ind1=" " ind2=" ">
   <subfield code="l">50840</subfield>
  </datafield>
  <datafield tag="040" ind1=" " ind2=" ">
   <subfield code="a">GR-PeUP</subfield>
  </datafield>
  <datafield tag="082" ind1="0" ind2="0">
   <subfield code="a">659.2 ΞΥΓ</subfield>
  </datafield>
  <datafield tag="100" ind1="1" ind2=" ">
   <subfield code="a">Ξύγγη, Μαντώ Ι.</subfield>
  </datafield>
  <datafield tag="245" ind1="1" ind2="0">
   <subfield code="a">Δημόσιες σχέσεις :</subfield>
   <subfield code="b">θεωρητικές προσεγγίσεις και πρακτικές εφαρμογές /</subfield>
   <subfield code="c">Μαντώ Ι. Ξύγγη.</subfield>
  </datafield>
  <datafield tag="260" ind1="0" ind2=" ">
   <subfield code="a">Αθήνα :</subfield>
   <subfield code="b">Προπομπός,</subfield>
   <subfield code="c">2012.</subfield>
  </datafield>
  <datafield tag="300" ind1=" " ind2=" ">
   <subfield code="a">415 σ.</subfield>
   <subfield code="c">24 εκ.</subfield>
  </datafield>
  <datafield tag="500" ind1=" " ind2=" ">
   <subfield code="a">Τίτλος απο το εξώφυλλο: Δημόσιες σχέσεις: θεωρητικές προσεγγίσεις και πρακτικές εφαρμογές - το επάγγελμα - το θεωρητικό πλαίσιο - η διαδικασία - τα κοινά - η πρακτική - σύγχρονα θέματα δημοσίων σχέσεων.</subfield>
  </datafield>
  <datafield tag="504" ind1=" " ind2=" ">
   <subfield code="a">Περιέχει βιβλιογραφία και ευρετήριο.</subfield>
  </datafield>
  <datafield tag="650" ind1=" " ind2="4">
   <subfield code="a">Δημόσιες σχέσεις.</subfield>
  </datafield>
  <datafield tag="650" ind1=" " ind2="4">
   <subfield code="a">International relations.</subfield>
  </datafield>
  <datafield tag="852" ind1=" " ind2=" ">
   <subfield code="a">INST</subfield>
   <subfield code="b">UNIPILB</subfield>
   <subfield code="c">MAIN</subfield>
   <subfield code="e">20180730</subfield>
   <subfield code="h">659.2 ΞΥΓ</subfield>
   <subfield code="p">00179689</subfield>
   <subfield code="q">00179689</subfield>
   <subfield code="t">LOAN</subfield>
   <subfield code="y">0</subfield>
   <subfield code="4">3</subfield>
  </datafield>
  <datafield tag="852" ind1=" " ind2=" ">
   <subfield code="a">INST</subfield>
   <subfield code="b">UNIPILB</subfield>
   <subfield code="c">MAIN</subfield>
   <subfield code="e">20180730</subfield>
   <subfield code="h">659.2 ΞΥΓ</subfield>
   <subfield code="p">00179690</subfield>
   <subfield code="q">00179690</subfield>
   <subfield code="t">LOAN</subfield>
   <subfield code="y">0</subfield>
   <subfield code="4">2</subfield>
  </datafield>
  <datafield tag="852" ind1=" " ind2=" ">
   <subfield code="a">INST</subfield>
   <subfield code="b">UNIPILB</subfield>
   <subfield code="c">MAIN</subfield>
   <subfield code="e">20180730</subfield>
   <subfield code="h">659.2 ΞΥΓ</subfield>
   <subfield code="p">00179691</subfield>
   <subfield code="q">00179691</subfield>
   <subfield code="t">LOAN</subfield>
   <subfield code="y">0</subfield>
   <subfield code="4">1</subfield>
  </datafield>
 </record>
</collection>
